Дело о поднесении Александру I профессором Дерптского университета В. Я. Струве своей книги "Астрономические наблюдения" на лати...

RUSMARC
00006607cbc2a2200000#x 450
001843b12b6-2b71-4f72-aabc-837c8f8c3113
00520180405090529.0
100##$a20150421l18181818k l0rusy0189 ca
1010#$arus
102##$aRU
2001#$aДело о поднесении Александру I профессором Дерптского университета В. Я. Струве своей книги "Астрономические наблюдения" на латинском языке
$j4 января - 28 февраля 1818 г.
251##$cДело
300##$aРукописный текст. Чернила
300##$aОригинальный заголовок дела: Дело по представлению попечителя Дерптского учебного округа о поднесении Государю императору книги профессора Струве на латинском языке под названием "Астрономические наблюдения". 4 января 1818 г. - 28 февраля 1818 г.
801#0$aRU
$bРГИА
$c20150421
801#1$aRU
$bГлавНИВЦ
$c20150421
$2rusmarc
801#2$aRU
$bПБ им. Б.Н. Ельцина
$c20151229
$gRCR
$2rusmarc
850##$aФедеральное казенное учреждение "Российский государственный исторический архив" (РГИА)
852##$aРГИА
$j37
937##$hРГИА
$d11385547
$aASBIBLIO_SCAN
462#0$10017ff33d0d-4fb3-4ffd-a38b-3e370d0d7251
$12001
$aОбщие дела 1-го отделения Департамента народного просвещения за 1818-1840 гг.
$vД. 37
$1251
$cОпись
$1852
$j87
461#0$1001a74412a3-3cc5-4d21-8f0a-dfe2fbd9e72d
$12001
$aДепартамент народного просвещения Министерства народного просвещения
$1251
$cФонд
$1852
$j733
215##$a12 листов
$d36,5х26 см
371##$aДокумент не является опубликованным и широко распространяемым
105##$aу###
1222#$ad18180104##
$ad18180228##
5171#$aДело по представлению попечителя Дерптского учебного округа о поднесении Государю императору книги профессора Струве на латинском языке под названием "Астрономические наблюдения"
$e4 января 1818 г. - 28 февраля 1818 г.
035##$a843b12b6-2b71-4f72-aabc-837c8f8c3113
600#1$2nlr_sh
$3RU\NLR\AUTH\66178370
$aСтруве
$bВ.Я.
$f1793 – 1864
$gВасилий Яковлевич
$jДокументы и материалы
600#0$2prlib_sh
$3LIBNET\UAF\0000067886
$aАлександр
$cимператор российский
$dI
$f1777-1825
$jДокументы и материалы
$xПодарки
605##$2acquisition_Prlib
$3DITM\AF\0000003834
$aНарод
$lколлекция
605##$aВласть
$lколлекция
$2acquisition_Prlib
$3DITM\AF\0000002775
605##$aРоссия в лицах
$lколлекция
$2acquisition_Prlib
$3DITM\AF\0000004166
605##$aВ. Я. Струве
$lколлекция
$2acquisition_Prlib
$3LIBNET\UAF\0000074073
605##$aДом Романовых
$lколлекция
$2acquisition_Prlib
$3LIBNET\UAF\0000008152
686##$2rubbk
$a63.3(2)521-7ю1
$vLBC/M
686##$a72.3ю1
$vLBC/M
$2rubbk
686##$a22.6г
$vLBC/M
$2rubbk
Формат отображения